000 00650nam a2200217 i 4500
001 27179
003 ES-MaACL
005 20230906153555.0
007 t|
008 030113s1977 sp |||| | spa d
100 1 _aAzaña, Manuel,
_d1880-1940
_924223
245 1 0 _aDefensa de la autonomía de Cataluña /
_cManuel Azaña.
250 _a1ª ed.
260 _a[Barcelona] :
_bUndarius,
_c1977.
300 _a86 p. ;
_c19 cm.
490 1 _aColección textos. Serie hispania
650 0 4 _aRegionalismo-
_zCataluña.
_916747
830 0 _aColección textos. Serie hispania
_9226389
852 _aES-MaACL
_jA-7205
999 _c27179
_d27179